| 000 | 00636nam a2200229Ia 4500 | ||
|---|---|---|---|
| 999 |
_c51459 _d51459 |
||
| 001 | 18445 | ||
| 003 | GE_BSU | ||
| 005 | 20221129155919.0 | ||
| 008 | 181216s2000||||enk|||||||||||||| ||eng|| | ||
| 020 | _a9780471353652x | ||
| 040 | _cGE_BSU | ||
| 041 | _aeng | ||
| 050 | _aeng | ||
| 080 | _a159 P-92 | ||
| 100 |
_aPrince, J. P. _916205 |
||
| 245 |
_aEssentials of career interest Assessment _cPrince,J.P., Heiser,L.J. |
||
| 264 |
_aNew York : _bJohn Wiley & Sons, _c2000. |
||
| 300 |
_a278 p.: _bill.; _c22 cm. |
||
| 653 | _aფსიქოლოგია | ||
| 700 |
_aHeiser, L. J. _eავტორი _916206 |
||
| 942 |
_cBK _2udc |
||